01651nam a2200397Ia 4500001001200000003000800012006001900020007001500039008004100054010001700095020002600112020003900138020003800177040002100215035002100236050002500257082001400282245011400296260005700410300002800467490002900495504005100524533015200575650004500727650005000772650005000822650005200872650005000924650005400974655002901028700002101057700001701078710001701095856012601112999001501238ebr10696028CaPaEBRm u cr cn|||||||||130211s2013 nhua sb 001 0 eng d z 2012050397 z9781611684148 (ebook) z9781611684247 (cloth : alk. paper) z9781611684292 (pbk. : alk. paper) aCaPaEBRcCaPaEBR a(OCoLC)84701009114aPS159.E5bT73 2013eb04a810.922300aTransatlantic traffic and (mis)translationsh[electronic resource] /cRobin Peel and Daniel Maudlin, editors. aDurham :bUniversity of New Hampshire Press,cc2013. axxxviii, 235 p. :bill.0 aNew England in the World aIncludes bibliographical references and index. aElectronic reproduction.bPalo Alto, Calif. :cebrary,d2013.nAvailable via World Wide Web.nAccess may be limited to ebrary affiliated libraries. 0aAmerican literaturexEnglish influences. 0aComparative literaturexAmerican and English. 0aComparative literaturexEnglish and American. 0aLiterature and historyzGreat BritainxHistory. 0aLiterature and historyzNew EnglandxHistory. 0aNational characteristics, English, in literature. 7aElectronic books.2local1 aMaudlin, Daniel.1 aPeel, Robin.2 aebrary, Inc.40uhttp://site.ebrary.com/lib/rucke/Doc?id=10696028zAn electronic book accessible through the World Wide Web; click to view c9139d9139